Inonu University Law Review

Detalles Bibliográficos
Formato: eBook
Lenguaje:inglés
Publicado: Malatya: Inonu Universitesi, 2010 -
Materias:
Acceso en línea:Acceso restringido

MARC

LEADER 00000nam a22000007a 4500
005 20210504215925.0
007 cr|||| ||||
008 210504c20109999tr fr|w s|||| 0|||b1eng d
022 |a 2667-5714 
035 |a 32424 
040 |a vLex 
090 |c 11609  |d 11609 
245 0 0 |a  Inonu University Law Review  |h [Recurso electrn̤ico] / 
256 |a Servicio en ln̕ea 
260 |a Malatya:  |b Inonu Universitesi,  |c 2010 - 
300 |a 1 recurso electrn̤ico 
310 |a Semestral 
362 |a Nð 1-1 (Ene. 2010) - 
506 1 |a Disponible solo en los productos indicados  |d vLex Global  |d vLex Global (Academic Edition, excluding Law Schools)  |d vLex Global (U.S. Academic Edition, Law Schools)  |d vLex Global (U.S. Academic Edition, excluding Law Schools)  |d vLex Global (Academic Edition, Law Schools) 
650 0 4 |a Derecho Pb︢lico y Administrativo  |z Turqua̕ 
650 0 4 |a Economa̕ y negocios  |z Turqua̕ 
740 0 |a vLex Revistas (Servicio en ln̕ea) 
856 4 0 |u https://vlex.com/source/inonu-university-law-review-32424  |z Acceso restringido 
942 |c REV 
999 0 |a Public and Administrative Law 
999 0 |a Economy and business